000 00651nam a2200253Ia 4500
005 20260121161215.0
008 008 260114s9999 xx 000 0 eng d
020 _a9781003357285
037 _aEBOOK
040 _aCRL
040 _beng
040 _cCRL
041 _2eng
041 _aeng
084 _qCRL
100 _aEwa Laskowska-Litak
_91041534
245 4 _aThe Subject of Copyright:Perspectives from Law, Aesthetics and Cognitive Science
260 _bTaylor and Francis
260 _c2024
856 _uhttp://www.taylorfrancis.com/books/9781003357285
942 _cEBOOK
999 _c1608350
_d1608350